00502 2200181 4500001002100000005001500021035002000036245007900056100001800135300002100153700001800174260003700192082001000229084001600239020002200255600001800277990002500295INLIS00000000000079920251120025428 a0010-11250003781 aPengetahuan Popular :bSeri Anak Cerkis (Cerdas & Kritis) /cHotimah, S.Pd0 aHotimah, S.Pd a240 hlm ;c21 cm0 aHotimah, S.Pd aYogyakarta :bSabda Media,c2013 a371.3 a371.3 HOT p a978-979-15708-3-1 4aHotimah, S.Pd a2013/SMKMIRI/757/001